South Eastern Kenya University

Library Online Public Access Catalogue


Communicating in small groups : (Record no. 8027)

MARC details
000 -LEADER
fixed length control field 00641cam a2200181 a 4500
020 ## - INTERNATIONAL STANDARD BOOK NUMBER
International Standard Book Number 9780205547210
020 ## - INTERNATIONAL STANDARD BOOK NUMBER
International Standard Book Number 0205547214
050 00 - LIBRARY OF CONGRESS CALL NUMBER
Classification number HM736
Item number .B43 2009
100 1# - MAIN ENTRY--PERSONAL NAME
Personal name Beebe, Steven A.,
Dates associated with a name 1950-
245 10 - TITLE STATEMENT
Title Communicating in small groups :
Remainder of title principles and practices /
Statement of responsibility, etc. Steven A. Beebe, John T. Masterson.
250 ## - EDITION STATEMENT
Edition statement Custom edition.
260 ## - PUBLICATION, DISTRIBUTION, ETC. (IMPRINT)
Place of publication, distribution, etc. Boston, MA [USA] :
Name of publisher, distributor, etc. Pearson/Allyn and Bacon,
Date of publication, distribution, etc. c2009.
300 ## - PHYSICAL DESCRIPTION
Extent xix, 408 p. :
500 ## - GENERAL NOTE
General note Includes bibliographic references and index.
650 ## - SUBJECT ADDED ENTRY--TOPICAL TERM
General subdivision Communicating in small groups ;
-- Group relations training ;
-- Small groups.
700 1# - ADDED ENTRY--PERSONAL NAME
Personal name Masterson, John T.,
942 ## - ADDED ENTRY ELEMENTS (KOHA)
Source of classification or shelving scheme Library of Congress Classification
Koha item type General circulation
Holdings
Withdrawn status Lost status Source of classification or shelving scheme Damaged status Not for loan Home library Current library Shelving location Date acquired Cost, normal purchase price Total Checkouts Full call number Barcode Date last seen Cost, replacement price Price effective from Koha item type Public note
    Library of Congress Classification     Main Campus Library Main Campus Library General Stacks 03/08/2015 6974.00   HM736 .B43 2009 2015/005969 03/08/2015 7671.00 03/08/2015 General circulation Nzk
    Library of Congress Classification     Wote Campus Library Wote Campus Library General Stacks 27/01/2016     HM133 .C56 2006 2016/011048 27/01/2016     General circulation GM
Kitui, Kenya.
+254736116989
library@seku.ac.ke